00668 2200253 4500001002100000005001500021035002000036007000300056008004100059020002200100082001000122084001600132100003600148245006300184250001100247260003800258300003000296650001200326990001400338990001400352990001600366990001600382990001600398INLIS00000000000772520260420110124 a0010-0426000036ta260420 | | ind  a978-979-002-624-7 a636.3 a636.3 SYU b1 aSyukur, Abdul ; Bambang Suharno1 aBisnis Pembibitan Kambing /cAbdul Syukur; Bambang Suharno aCet. 3 aJakarta :bPenebar Swadaya,c2016 a116 hlm :bilus ;c23 cm. 4aKAmbing a3722/2023 a3721/2023 a3721.3/2023 a3721.4/2023 a3721.5/2023